|
|
|
|
| LEADER |
00000cam a2200000 7i4500 |
| 001 |
0000020962 |
| 005 |
20071217.0 |
| 008 |
071205 |
| 020 |
|
|
|a 0071435255
|
| 040 |
|
|
|a INS
|
| 090 |
0 |
0 |
|a HD57.7
|b D46 2004
|
| 100 |
1 |
|
|a Deming, Vasudha K.
|
| 245 |
1 |
4 |
|a The big book of leadership games :
|b quick,fun activities to improve communication,increase productivity,and bring out the best in your employees
|c Vasudha K.Deming
|
| 260 |
|
|
|a New York :
|b McGraw-Hill ,
|c 2004
|
| 300 |
|
|
|a xiv, 160p. :
|b ill. ;
|c 23cm.
|
| 650 |
0 |
0 |
|a Communication in management
|
| 650 |
0 |
0 |
|a Employee motivation
|
| 650 |
0 |
0 |
|a Executive ability
|
| 650 |
0 |
0 |
|a Leadership
|
| 650 |
0 |
0 |
|a Organizational effectiveness
|
| 999 |
|
|
|a 0000019497
|b BOOK
|c Open Shelf
|e Default branch
|
| 999 |
|
|
|a 0000021178
|b BOOK
|c Open Shelf
|e Default branch
|
| 999 |
|
|
|a 0000021279
|b BOOK
|c Open Shelf
|e Default branch
|
| 999 |
|
|
|a 0000021464
|b BOOK
|c Open Shelf
|e Default branch
|